Tamási Áron székelyudvarhelyi diákévei

Elmentve itt :
Bibliográfiai részletek
Szerző: LŐRINCZ József
Adatforrás:Meister
Forrásdokumentuma:Erdélyi Múzeum. -
3-4 sz., 1993, 131-135 p.
Nyelv:magyar
Kulcsszavak:művelődéstörténet
oktatási intézmények
iskolák
Székelyudvarhely
TAMÁSI Áron
Székelyudvarhelyi Katolikus Főgimnázium
LEADER 00547nab a2200181 i 4500
001 bibPRO00008152
008 060524s1993 xx hun
040 |a Sz1 
041 |a hun 
100 1 |a LŐRINCZ József 
245 1 0 |a Tamási Áron székelyudvarhelyi diákévei  |c LŐRINCZ József 
695 |a művelődéstörténet 
695 |a oktatási intézmények 
695 |a iskolák 
695 |a Székelyudvarhely 
695 |a TAMÁSI Áron 
695 |a Székelyudvarhelyi Katolikus Főgimnázium 
773 0 |t Erdélyi Múzeum. -  |g 3-4 sz., 1993, 131-135 p.